00266nam a2200121Ia 4500008004100000100000900041245002300050260002900073300000800102650001000110942000700120999001700127190216s9999||||xx |||||||||||||| ||und|| aNull 0aHindi-Aprath Kusum bMac Millian And Com. Ltd a192 aHindi cBK c16063d16063